Бокс (Запис номер 137501)
[ съкратено ]
| 000 -Лидер | |
|---|---|
| Контролно поле с фиксирана дължина | 01135nam a2200301 c 4500 |
| 003 - Код на организацията, давaща контролен номер | |
| Контролно поле | BLK |
| 005 - Дата и час на последна редакция | |
| Контролно поле | 20180420232917.0 |
| 008 - Елементи от данни с фиксирана дължина | |
| fixed length control field | 180409b bul|||||r ||||||| ||bul|| |
| 010 ## - Наследен системен номер | |
| LC control number | KNG00143474000 |
| 040 ## - Източник на каталожния запис | |
| Идентификатор на билиотеката - собственик на записа | BLK |
| 041 ## - Код за език | |
| Код за езика на текст/звукозапис или на отделно заглавие | Български |
| Код за езика КДБФ | Български |
| 080 ## - УДК | |
| Текстов определител УДК | Бокс. Кикбокс |
| УДК код - определител по УДК | 796.83 |
| УДК определител | |
| УДК - код + определител | 796.83 |
| 139 ## - Редно поле | |
| Редна дума | Бокс |
| Авторски знак | Боич - Б 60 |
| 245 10 - Сведения за заглавието | |
| Заглавие | Бокс |
| Подзаглавни данни | Състезателни правила за мъже, юноши, момчета, деца : Коментар и медицински наръчник |
| Редно поле (дума) | състав. Емил Жечев. |
| 257 ## - Страна на издаване | |
| Страна на създаване/издаване | България |
| 260 ## - Област на издателските данни | |
| -- | София |
| Име на издателя, разпространителя и проч. | Медицина и физкултура |
| Година на издаване | 1976 |
| 300 ## - Физическа характеристика | |
| Страници | 142 с. |
| Размери/Мащаб | 17 см |
| 380 ## - Жанр | |
| Жанр | 793/799 Спорт |
| 650 #4 - Допълнително описание по предмет – тема | |
| Основно описание – тема или топоним | Бокс - състезателни правила |
| 9 (RLIN) | 325839 |
| 653 ## - Ключова дума – ненормативна | |
| Ключова дума | бокс |
| 653 ## - Ключова дума – ненормативна | |
| Ключова дума | състезателни правила |
| 700 1# - Други автори (авторска отговорност) | |
| Лично име | Жечев, Емил |
| Автороска отговорност (Описва отношението между автора и произведението) | състав. |
| 9 (RLIN) | 325880 |
| 852 ## - Местоположение | |
| Форматна сигнатура | Цб І 14875 |
| 856 4# - Електронен адрес и достъп | |
| Електронен формат | pdf - файл |
| Път до файла /url/ | |
| 856 4# - Електронен адрес и достъп | |
| Електронен формат | pdf - файл |
| Път до файла /url/ | |
| 942 ## - АРТИКУЛИ | |
| Вид на библиотечния материал | Книги |
| Скрит в OPAC | Не |
| 944 ## - СЪЗДАВАНЕ И РЕДАКЦИЯ на ЗАПИСА | |
| Създаване/Редакция | Създаване |
| Дата на регистрацията/редакция | 04.06.2013 |
| Статус, дата на статуса | 04.06.2013 - от С1,Р / 04.06.2013 |
| Служител, извършил регистрацията/редакцията | Наталия_Любомирова |
| 944 ## - СЪЗДАВАНЕ И РЕДАКЦИЯ на ЗАПИСА | |
| Създаване/Редакция | Редакция |
| Дата на регистрацията/редакция | 04.06.2013 |
| Статус, дата на статуса | 04.06.2013 - от С1,Р / 04.06.2013 |
| Служител, извършил регистрацията/редакцията | |
| 999 ## - СИСТЕМНИ КОНТРОЛНИ НОМЕРА | |
| Koha biblionumber | 137501 |
| Koha biblioitemnumber | 137501 |
| Код за отписване | Код за изгубен артикул | Източник на класификационната схема | Код за повреда | Коз за рестрикции | Код за отдаване | Артикулен № | Име на библиотеката - собственик | Име на библиотеката, в която се намира в момента | Статус (Текущо местоположение) | Дата на вписване в системата | Местоположение - отдел | Цена в лева | Инвентарен номер | Систематично азбучна сигнатура | Баркод | Номер на екземпляра | Цена в евро | Служебна бележка | Служебен тип на артикула |
|---|---|---|---|---|---|---|---|---|---|---|---|---|---|---|---|---|---|---|---|
| Не е изгубен | Universal Decimal Classification | Не е повреден | без рестрикции | ползва се в читалня | 224939 | Регионална библиотека "Любен Каравелов" Русе | Регионална библиотека "Любен Каравелов" Русе | Хранилище | 1976-01-01 | Хранилище | 0.70 | 202112 | Цб І 14875 | 120000202112 | 1 | 0.36 | Дост: Dp Вид: Д N: стар фонд Дата: 01.01.1976 | Книги |